| 000 | 00408nam a2200145Ia 4500 | ||
|---|---|---|---|
| 008 | 220726s9999||||xx |||||||||||||| ||und|| | ||
| 020 | _a9789388818360 | ||
| 082 |
_a610 _bKar/P |
||
| 100 | _aKar, Ashutosh | ||
| 245 | 0 | _aKar Ashutosh-Pharmaceutical Analysis- I (PCI) B. Pharm-1st Semester | |
| 250 | _aReprint | ||
| 260 |
_aNew Delhi _bNew Age International Publishers _c2022 |
||
| 300 | _a167 | ||
| 942 | _cPB | ||
| 999 |
_c37940 _d37940 |
||